Tous les TCG/jeux de cartes présents sur Cardmarket - Statistiques

Statistiques générales
  • Ce quiz a été pris 8 fois
  • Le résultat moyen est 6 sur 19
Statistiques - réponses
TCG présents sur Cardmarket % Correct
Pokémon Trading Card Game
100%
Magic The Gathering
88%
Yu-Gi-Oh Tradind Card Game
88%
One Piece Card Game
75%
Lorcana Trading Card Game
50%
Dragon Ball Card Game
38%
Star Wars Unlimited
38%
Digimon Card Game
25%
World of Warcraft Trading Card Game
25%
Final Fantasy Trading Card Game
13%
Flesh and Blood
13%
My Little Pony Collectible Card Game
13%
Star Wars Destiny
13%
Battle Spirits Saga
0%
Cardfight Vanguard
0%
Dragoborne Rise to Supremacy
0%
Force of Will
0%
The Spoils
0%
Weiss Schwarz
0%
Aucun quiz correspondant
Distribution des résultats
% des personnes avec chaque résultat
Percentile par nombre de réponses
Votre historique - résultats
Vous n’avez pas pris ce quiz